| 000 | 01590cam a2200505 i 4500 | ||
|---|---|---|---|
| 001 | 56451 | ||
| 003 | KOSZ 005 | ||
| 005 | 20240227062805.0 | ||
| 008 | 240226s2008 pl a f 001 0 pol | ||
| 015 | _aUWD 2008/29569 | ||
| 020 | _a9788388724398 | ||
| 035 | _a991046943049705066 | ||
| 035 | _a(PL-WaBN)b22945246-48omnis_nlop | ||
| 035 | _ab22945246 | ||
| 035 | _a(OCoLC)297778073 | ||
| 035 | _axx001232890 | ||
| 035 | _a(PL)b0000002294524 | ||
| 035 | _a(EXLNZ-48OMNIS_NETWORK)9910242660705606 | ||
| 040 |
_aWA N _cWA N _dKOSZ 005/HR _dKOSZ 005/RW |
||
| 041 | 1 |
_apol _heng |
|
| 046 | _k2008 | ||
| 080 | _a004.42 | ||
| 080 | _a519.2 | ||
| 080 | _a(07) | ||
| 245 | 0 | 0 |
_aStatistica : _bprzewodnik. |
| 246 | 1 |
_iTytuł orginału: _aStatistica : quick reference, _f2008 |
|
| 260 |
_aKraków : _bStatSoft Polska, _ccopyright 2008. |
||
| 300 |
_a264 strony : _bilustracje ; _c23 cm. |
||
| 336 |
_aTekst _btxt _2rdacontent |
||
| 337 |
_aBez urządzenia pośredniczącego _bn _2rdamedia |
||
| 338 |
_aWolumin _bnc _2rdacarrier |
||
| 380 | _aKsiążki | ||
| 380 | _aPublikacje fachowe | ||
| 388 | 1 | _a2001- | |
| 504 | _aIndeks. | ||
| 650 | 7 |
_aStatistica (program komputerowy) _2DBN |
|
| 650 | 7 |
_aStatystyka _2DBN |
|
| 655 | 7 |
_aPodręcznik _2DBN |
|
| 655 | 7 |
_aProgramy komputerowe _2DBN |
|
| 658 | _aInformatyka i technologie informacyjne | ||
| 710 | 2 |
_aStatsoft Polska _4pbl |
|
| 856 |
_uhttp://koha.tu.koszalin.pl/cgi-bin/koha/opac-detail.pl?biblionumber=56451 _yKatalog online BPK |
||
| 942 |
_2UKD _cKS |
||
| 999 |
_c56451 _d56451 |
||